| 000 | 01883nam a2200289 a 4500 | ||
|---|---|---|---|
| 001 | BRCA_8742 | ||
| 005 | 20190320210404.0 | ||
| 008 | 240217s1771----sp-#######---#000-0#spa-# | ||
| 041 | _aspa | ||
| 044 | _asp | ||
| 084 |
_aBE99 _b.Q37 1771 |
||
| 245 | 1 | 0 |
_aQuaresma del P. Fr. Antonio Andres, letor de sagrada theologia, escritor publico de su Orden, Regente de Estudios, Calificador del Santo Oficio y custodio actual de su provincia de Descalzos _btomo III; Quien lo dedica a Christo crucificado. |
| 260 |
_aValencia _bPor Benito Monfort _c1771 |
||
| 300 |
_a328 p. (t.3) _c21.5 x 15 cm. |
||
| 500 | _aCon licencia de Real Consejo | ||
| 500 | _aCon marca de fuego: “Procedencia de la marca: Colegio Jesuita de San Francisco Xavier de la Ciudad de Querétaro (1). Institución: Provincia Mexicana de la Compañía de Jesús. Descripción: Iniciales S. Xr. Q. que se desata como S[an] X[avie]r [de] Q[uerétaro.]. Observaciones: A falta de un testimonio de pertenencia se hace la atribución de la marca en función a la realizada por David Saavedra Vega. Se espera localizar otro ejemplar que corrobore esta atribución. Ubicación de la marca en el libro: Canto superior” | ||
| 500 | _aEn portada: Al fin de este tercer tomo hay una aplicación de los Sermones de la Quaresma à las Dominicas de entre año | ||
| 500 | _aEstado físico: presenta encuadernación en pergamino, con cintas rotas, y algunas hojas manchadas | ||
| 650 | 1 | 4 |
_aSermones de cuaresma _921531 |
| 650 | 1 | 4 |
_aIglesia católica _xSermones _921286 |
| 650 | 1 | 4 |
_aCuaresma _xSermones _921287 |
| 700 | 1 |
_aAntonio Andrés _cFray _921275 |
|
| 700 | 1 |
_aMonfort, Benito _eImpresor _921771 |
|
| 856 | _ahttp://www.marcasdefuego.buap.mx:8180/xmLibris/projects/firebrand/item.jsp?repository=marcas_de_fuego&key=marcas_de_fuego_marcas_de_fuego_20151006120916_4064.xml&num=5 | ||
| 902 | _aCFM | ||
| 942 |
_2lcc _cB |
||
| 999 |
_c8394 _d8394 |
||